00173nam a2200073Ia 4500008004100000082000800041100001200049245003800061240331s9999 xx 000 0 und d bPEA aCHA. ed 0aPeacebuilding directory Sri Lanka